000 00414ntaaa2200181 4500
003 01
005 20251027201753.0
008 0714s1973 ag 01
040 _aAR-BaBN
_bspa
_cAR-BaBN
_eaacr
_dRIC
082 _a241.0000 B64
100 _aBonhoeffer, Dietrich
_96834
245 _aEthics
250 _a1 ed.
260 _aLondon :
_bSCM Press,
_cc1955
300 _a342 p
650 _aetica
_92820
942 _cBK
999 _c12368
_d12368